| 000 | 00423nam a2200181Ia 4500 | ||
|---|---|---|---|
| 001 | 771 | ||
| 005 | 20260306140542.0 | ||
| 008 | 260306t1957||||xx |||||||||||||| ||spa|| | ||
| 041 | _aESP | ||
| 082 |
_a160 _bS61 |
||
| 100 |
_aSmith, Vincent Edward [1915-...] _eAUT |
||
| 245 | 4 | _aThe elements of logic | |
| 260 | _c1957 | ||
| 300 |
_a298 páginas : _c22 cm. |
||
| 650 | _aGEN | ||
| 654 | _aCHU | ||
| 942 |
_cLIB _dJUS _fJUS _2ddc _n |
||
| 999 |
_c771 _d771 |
||